| 000 | 01011nam a2200301Ia 4500 | ||
|---|---|---|---|
| 001 | dia_3096 | ||
| 003 | CHAP | ||
| 005 | 20230515135933.0 | ||
| 008 | 220117s2001 xx 000 0 und d | ||
| 010 | _a173595 | ||
| 020 | _a968-884-754-3 | ||
| 040 | _cCHAP | ||
| 082 | _a338.972 M54 | ||
| 100 |
_aMata Garcia, Bernardino _972863 |
||
| 245 |
_aMéxico Rural: Políticas para su Recontrucción / _c por Bernardino Mata García y Clemente Villanueva Verduzco |
||
| 260 |
_aMéxico : _b UACh. Grupo Interdiciplinario de Estudios Estrategicos para el Desarrollo Rural y Agroindustrial, _c2001 |
||
| 300 | _a393 p. | ||
| 503 | _aD | ||
| 650 |
_a1.Política económica _xMéxico _9154054 |
||
| 650 | _aDesarrollo económico | ||
| 650 |
_aDesarrollo rural _932067 |
||
| 650 |
_aEducación agricola _xMéxico _9137279 |
||
| 650 |
_aEducación superior _935599 |
||
| 901 | _a338.972 M54 | ||
| 902 | _aM | ||
| 905 | _a0000002001 MX X 0000000000SPA00 | ||
| 942 |
_cLIBRO _2ddc |
||
| 999 |
_c173595 _d173595 |
||